Online katalóg knižníc regiónu Turca

Presilovka (Record no. 22182)

MARC details
000 -LEADER
fixed length control field 01447cam a2200409 a 4500
001 - CONTROL NUMBER
control field 22182
003 - CONTROL NUMBER IDENTIFIER
control field VRT
005 - DATE AND TIME OF LATEST TRANSACTION
control field 20260321120151.0
008 - FIXED-LENGTH DATA ELEMENTS--GENERAL INFORMATION
fixed length control field 160610s2015 xo g 000 f slo
015 ## - NATIONAL BIBLIOGRAPHY NUMBER
National bibliography number SNBA2015/05
020 ## - INTERNATIONAL STANDARD BOOK NUMBER
International Standard Book Number 9788055142081
Qualifying information (viaz.)
035 ## - SYSTEM CONTROL NUMBER
System control number A3DA5522-A3C2-4215-B14D-2DED6856B205
035 ## - SYSTEM CONTROL NUMBER
System control number urn:nbn:sk:snk-amkqlf
035 ## - SYSTEM CONTROL NUMBER
System control number urn:nbn:sk:snk-am005bot
039 #9 - LEVEL OF BIBLIOGRAPHIC CONTROL AND CODING DETAIL [OBSOLETE]
Level of rules in bibliographic description 202201031004
Level of effort used to assign nonsubject heading access points csnk01
Level of effort used to assign subject headings 201911101908
Level of effort used to assign classification AUTHORITY
Level of effort used to assign subject headings 201911101853
Level of effort used to assign classification AUTHORITY
Level of effort used to assign subject headings 201606101146
Level of effort used to assign classification VLOAD
040 ## - CATALOGING SOURCE
Original cataloging agency DSZK
Language of cataloging slo
Transcribing agency DSZK
Modifying agency SNK
Description conventions AACR2
041 1# - LANGUAGE CODE
Language code of text/sound track or separate title slo
Language code of original eng
044 ## - COUNTRY OF PUBLISHING/PRODUCING ENTITY CODE
MARC country code xo
ISO country code SK
072 #7 - SUBJECT CATEGORY CODE
Subject category code 821.111(73)-3
Subject category code subdivision Americká próza
Source konspekt
080 ## - UNIVERSAL DECIMAL CLASSIFICATION NUMBER
Universal Decimal Classification number 821.111(73)-31
Edition identifier 2001
100 1# - MAIN ENTRY--PERSONAL NAME
Personal name Steel, Danielle,
Dates associated with a name 1947-
Relationship aut
240 10 - UNIFORM TITLE
Uniform title Power Play
Language of a work Slovensky
245 10 - TITLE STATEMENT
Title Presilovka
Statement of responsibility, etc. Danielle Steel ; [z anglického originálu Power Play ... preložila Ivona Mertusová]
250 ## - EDITION STATEMENT
Edition statement 1. vyd.
260 ## - PUBLICATION, DISTRIBUTION, ETC.
Place of publication, distribution, etc. Bratislava
Name of publisher, distributor, etc. Ikar
Date of publication, distribution, etc. 2015
300 ## - PHYSICAL DESCRIPTION
Extent 351 s.
Dimensions 21 cm
655 #7 - INDEX TERM--GENRE/FORM
Genre/form data or focus term americké romány
Source of term SNKPH
655 #7 - INDEX TERM--GENRE/FORM
Genre/form data or focus term American fiction
Source of term SNKPHeng
700 1# - ADDED ENTRY--PERSONAL NAME
Personal name Mertusová, Ivona
Relationship trl
910 ## - USER-OPTION DATA (OCLC)
User-option data snk
942 ## - ADDED ENTRY ELEMENTS (KOHA)
Source of classification or shelving scheme Dewey Decimal Classification
Koha item type Krásna literatúra pre dospelých
Suppress in OPAC No
949 ## - LOCAL PROCESSING INFORMATION (OCLC)
6 273K0590383
a svkpoA 226095
b svkpo587381
949 ## - LOCAL PROCESSING INFORMATION (OCLC)
6 270001000481846
a svkbbA 144211
b svkbbm 752223
949 ## - LOCAL PROCESSING INFORMATION (OCLC)
6 17A1141536
a snkSC 163706
b snk2015/9179
o 686/15
s 6100:20140925
949 ## - LOCAL PROCESSING INFORMATION (OCLC)
6 17A1141537
a snkSC 163706 D1
b snk2015/9180
o 686/15
949 ## - LOCAL PROCESSING INFORMATION (OCLC)
6 2889303960
a savukPV 20844
b savuk2015/2178
Holdings
Stav vyradenia Strata Poškodenie Spôsob nadobudnutia Domovská knižnica Aktuálna knižnica Dátum nadobudnutia Cena Total checkouts Čiarový kód exemplára Date last seen Typ exemplára
      Kúpa Obecná knižnica Horná Štubňa Obecná knižnica Horná Štubňa 21.03.2026 9.90   9788055142081 21.03.2026 Krásna literatúra pre dospelých
Projekt je podporený Slovenskou asociáciou knižníc
Prevádzkuje Turčianska knižnica Martin 2026